Geography of Venezuela - Statistics

General Stats
  • This quiz has been taken 254 times
  • The average score is 13 of 20
Answer Stats
Question Answer % Correct
Of what does Venezuela have more proven reserves than any other country? Oil
97%
What sea does Venezuela border? Caribbean Sea
95%
What is the name of world's tallest waterfalls? Angel Falls
93%
What country owns the ABC islands, located off the coast of Venezuela? Netherlands
91%
What is the closest island nation in that sea to Venezuela? Trinidad and Tobago
91%
After what famous European city is Venezuela considered to be named? Venice
91%
What group of islands are all the off-coast islands of Venezuela part of? Lesser {Antilles}
85%
What mountain range is that mountain part of? Andes
82%
What country's western portion, west of the Esequiba River, does the Venezuelan government claim? Guyana
75%
Put on your thinking cap ... To what gulf is that "lake" connected via the Tablazo Strait? Gulf of {Venezuela}
67%
What large lagoon is sometimes called the largest lake in South America? Lake {Maracaibo}
65%
What Enya song has the namesake of the longest river in Venezuela? Orinoco
64%
What island in that sea shares its name with a popular cocktail? Isla {Margarita}
60%
What political party has been ruling Venezuela since 2010? United {Socialist} Party
45%
What city is home to Venezuela's top industries and manufacturing companies? Valencia
40%
What is the southernmost state in Venezuela, as well as the second-largest? Amazonas
33%
What is the name of the highest mountain in Venezuela? Pico {Bolívar}
32%
What word refers to the table-top mountains of southeastern Venezuela? Tepui
22%
What is the name of the shield those mountains are part of? {Guiana} Shield
18%
What unfinished skyscraper in Caracas was home to 2,500 squatters until 2015? Tower of {David}
14%
No matching quizzes found
Score Distribution
Percent of People with Each Score
Percentile by Number Answered
Your Score History
You have not taken this quiz